Common stressors of third year BS major in medical technology students to south-seed LPDH college (SSLC) / (Record no. 285019)
[ view plain ]
| 000 -LEADER | |
|---|---|
| fixed length control field | 00545nam a2200133Ia 4500 |
| 008 - FIXED-LENGTH DATA ELEMENTS--GENERAL INFORMATION | |
| fixed length control field | 150609s9999 xx 000 0 und d |
| 050 ## - LIBRARY OF CONGRESS CALL NUMBER | |
| Classification number | BF 575 |
| Item number | .Si366 2014 |
| 100 ## - MAIN ENTRY--PERSONAL NAME | |
| Personal name | Siano, Bryan Joseph. |
| 245 ## - TITLE STATEMENT | |
| Title | Common stressors of third year BS major in medical technology students to south-seed LPDH college (SSLC) / |
| Statement of responsibility, etc | Bryan Joseph Siano . |
| 260 ## - PUBLICATION, DISTRIBUTION, ETC. (IMPRINT) | |
| Place of publication, distribution, etc | Las Piñas, Philippines : |
| Name of publisher, distributor, etc | SISC, |
| Date of publication, distribution, etc | 2014. |
| 300 ## - PHYSICAL DESCRIPTION | |
| Extent | 40 pages : |
| Other physical details | illustrations ; |
| Dimensions | 28 cm. |
| 500 ## - GENERAL NOTE | |
| General note | Includes bibliographical references and appendices. |
| 650 ## - SUBJECT ADDED ENTRY--TOPICAL TERM | |
| Topical term or geographic name as entry element | Psychological Stress |
| Withdrawn status | Lost status | Damaged status | Home library | Current library | Shelving location | Date acquired | Total Checkouts | Full call number | Barcode | Date last seen | Price effective from | Koha item type |
|---|---|---|---|---|---|---|---|---|---|---|---|---|
| College Library | College Library | 06/09/2015 | BF 575 .Si366 2014 | T0751 | 05/15/2018 | 06/09/2015 | Theses |